Statistics for Biggest City by Body of Water

Click here to take the quiz!

General Stats

  • This quiz has been taken 22,653 times
    (14,541 since last reset)
  • The average score is 11 of 20

Answer Stats

Body of Water City % Correct
Lake MichiganChicago
93%
Irish SeaDublin or Liverpool
93%
Lake OntarioToronto
80%
Long Island SoundNew York City
78%
Aegean SeaAthens or Izmir
74%
Java SeaJakarta
65%
Persian GulfDubai
63%
Gulf of FinlandSaint Petersburg
58%
Puget SoundSeattle
56%
Sea of MarmaraIstanbul
56%
Chesapeake BayBaltimore
56%
Arabian SeaMumbai
55%
Adriatic SeaVenice or Bari
50%
Botany BaySydney
38%
Lake PontchartrainNew Orleans
36%
Caspian SeaBaku
35%
Lake VictoriaKampala
29%
Red SeaJeddah
27%
Bay of BengalChennai
26%
Lake SuperiorDuluth
23%

Score Distribution

Percentile by Number Answered

Percent of People with Each Score

Your Score History

You have not taken this quiz since the last reset